000 00816nam a2200205 a 4500
005 20090810123128.0
008 780322s1829 mau j 000 1 eng
010 _aENG-94698
020 _a9788190568517
_c1275.00
035 _aEN-78231
037 _bDBAD / PUB
040 _adpl
_bEnglish
082 _a668.1
245 _aSoaps, detergents and disinfectants technology handbook /
_cby NPCS Board of Consultants & Engineers
260 _aDelhi
_bNIIR Project Consultancy Services
_c(200?)
270 _a106-E, Kamla Nagar,
_bDelhi
_e110007
300 _axv, 664p.
_c23cm(pbk)
942 _2ddc
_cEN
_mSOA
_h668.1
999 _c29065
_d29065